| 000 | 01403cam a2200277 a 4500 | ||
|---|---|---|---|
| 003 | OSt | ||
| 005 | 20210302162448.0 | ||
| 008 | 021016s2000 sp r 000 0 spa d | ||
| 020 | _a8481384038 | ||
| 040 |
_aI5B _cCO-JMCR |
||
| 041 | 0 | _aspa | |
| 082 | 0 | 4 |
_a303.62 / _bS241c _223 |
| 111 | 2 |
_aForo "convivencia y seguridad ciudadana" _d(1998 jun. 2-4 : _cEl Salvador) _914263 |
|
| 245 | 1 | 0 |
_aConvivencia y seguridad : _bun reto a la gobernabilidad / _cedición de Jorge Sapoznikow, Juana Salazar y Fernando Carrillo ; prólogo de Miguel E. Martínez ; presentación de Manuel Gala |
| 260 |
_aAlcalá Henares : _bUniversidad de Alcalá de Henares, _c2000. |
||
| 300 |
_a272 páginas ; _c23 cm. |
||
| 504 | _aIncluye referencias bibliográficas. | ||
| 505 | 0 | _aMarco de referencia: convivencia y seguridad ciudadana --Los costos de la violencia -- La cultura de la violencia -- Conflictos bélicos y consolidación de la paz -- Violencia juvenil y Domestica -- Responsabilidad de los sistemas de justicia y política | |
| 650 | 2 | 4 |
_aViolencia _xAspectos económicos _zAmérica Latina _vCongresos _914264 |
| 650 | 2 | 4 |
_aConflicto armado _zAmérica Latina _vCongresos _913014 |
| 650 | 2 | 4 |
_aAdministración de justicia _zAmérica Latina _914265 |
| 700 | 1 |
_aSapoznikow, Jorge _deditor _914266 |
|
| 700 | 1 |
_aSalazar, Juana, _deditor _914267 |
|
| 700 | 1 |
_aCarrillo, Fernando, _eeditor _914268 |
|
| 942 |
_2ddc _cBK |
||
| 999 |
_c7417 _d7417 |
||